• 首页
  • 本馆介绍
  • 公告通知
  • 最新文献
  • 馆藏检索
  • 电子资源
  • 读者导购
  • 参考咨询
  • 我的图书馆
  • 登录
  • 详细信息显示
  • 放入我的书架
  • 预约/预借图书
  • 作者相关作品
  • 分类相关作品
  • 丛书相关作品
  • 出版社相关作品

书目信息

  • 表格格式
  • 工作单格式
  • 卡片格式
题名:
低温地球化学
    
 
作者: 涂光炽[等] , 涂光炽 著
分册:  
出版信息: 北京   科学出版社  1998.02
页数: 266页
开本: 26cm
丛书名:
单 册:
中图分类: P59
科图分类:
主题词: 地球化学
电子资源:
ISBN: 7-03-006916-1
000 00582nam0 2200217 45
001 0009250961
005 20040524083057.9
010    @a7-03-006916-1@dCNY38.00
100    @a20000925d1998 km y0chiy0120 ea
101 0  @achi
105    @a z 000yy
200 1  @a低温地球化学@f涂光炽等著@FTu Guang Chi Deng Zhu
210    @a北京@c科学出版社@d1998.02
215    @a266页@d26cm
300    @a国家自然科学基金委员会资助出版
606 0  @a地球化学
690    @aP59@v1
701  0 @a涂光炽[等]@4著
701  0 @a涂光炽@4著
801    @aCN@bTSTC@c20000925
905    @dP59@e58@f2@b290805-806
    
    低温地球化学/涂光炽等著.-北京:科学出版社,1998.02
    266页;26cm
    国家自然科学基金委员会资助出版
    
    ISBN 7-03-006916-1:CNY38.00
    
●
相关链接 在E读中查询图书 在五车中查询图书 在当当中查询图书 在豆瓣中查询图书


正题名:低温地球化学     索取号:P59/58         预约/预借

序号 登录号 条形码 馆藏地/架位号 状态 备注
1 0290805   002908054   第三借阅区/ [索取号:P59/58] 在馆    
2 0290806   002908063   第三借阅区/ [索取号:P59/58] 在馆    
3 0290807   002908072   第二样本阅览室/ [索取号:P59/58] 在馆    
唐山师范学院图书馆 欢迎您!
大连网信软件有限公司© 版权所有